000 01827nam a2200385 c 4500
003 BLK
005 20220822152345.0
008 180410b bul|||||r ||||||| ||bul||
010 _aKNG00166819000
020 _a978-954-400-971-7
_bиздат.: Фабер - (подв.)
040 _aBLK
041 _aBUL
_cBUL
072 7 _2bullib
_aН32
_xПолитика Н
080 _aМеждународни политически отношения. Световна политика. Международна политика. Дипломация
_b327
_x(73+4)
_z327(73+4)
100 1 _aАврейски, Никола Иванов
_eпърви автор
_9381569
139 _aАврейски, Никола Иванов
_bА 20
245 1 0 _aСАЩ и Европа
_bЕвропейската политика на Вашингтон : От създаването на САЩ до края на Втората световна война ; През епохата на Студената война ; От приключването на Студената война до наши дни
_cНикола Иванов Аврейски.
257 _aBGR
260 В. Търново
_bФабер
_c2013
300 _a936 с.
_c25 см
380 _a3
500 _aСъдържа и за авт. - Библиогр. с. 912-933.
650 4 _aСАЩ - външна политика
_9246834
650 4 _aЕвропа - външна политика
_9281678
651 4 _aСАЩ
_9179493
651 4 _aЕвропа
_9244407
653 _aвъншна политика
653 _aмеждународни отношения
659 _aН
852 _aЦб 271308
856 4 _qpdf
_u
856 4 _qpdf
_u
942 _cKNG
_n0
_01
944 _aCR
_c04.11.2014
_lф /
_kПенка_Димитрова
944 _aED
_c11.11.2014
_lф /
_kЛюдмила_Стоянова
999 _c159646
_d159646